MARC details
| 000 -LEADER |
| fixed length control field |
01629cab a2200409 4500 |
| 001 - CONTROL NUMBER |
| control field |
##L132545 |
| 008 - FIXED-LENGTH DATA ELEMENTS--GENERAL INFORMATION |
| fixed length control field |
060217n2006 000 0 eng u |
| 035 ## - SYSTEM CONTROL NUMBER |
| System control number |
(Sirsi) u132545 |
| 041 0# - LANGUAGE CODE |
| Language code of text/sound track or separate title |
eng |
| 100 1# - MAIN ENTRY--PERSONAL NAME |
| Personal name |
Blair, Linda |
| 245 04 - TITLE STATEMENT |
| Title |
The law of agency |
| Remainder of title |
some essential principles |
| 260 ## - PUBLICATION, DISTRIBUTION, ETC. |
| Date of publication, distribution, etc. |
2006 |
| 490 ## - SERIES STATEMENT |
| Series statement |
Letting Update Journal |
| Volume/sequential designation |
13(4) January 2006, 17-20(4) |
| 520 ## - SUMMARY, ETC. |
| Summary, etc. |
In the first of two articles on agency provides an overview of the law of agency, its legal framework and the statutory responsibilities existing between the parties. Deals with the agency relationship, the central notion of authority, deposits and taking money for addresses. Presents case examples covering negligence and indemnity. (See also L133296 and L134300). |
| 590 ## - LOCAL NOTE (RLIN) |
| Local note |
IKA280206 |
| 650 24 - SUBJECT ADDED ENTRY--TOPICAL TERM |
| Topical term or geographic name entry element |
PROTECTION FROM EVICTION ACT 1977 S1(3A) |
| 650 24 - SUBJECT ADDED ENTRY--TOPICAL TERM |
| Topical term or geographic name entry element |
PEERS V SNEYD |
| 650 24 - SUBJECT ADDED ENTRY--TOPICAL TERM |
| Topical term or geographic name entry element |
LAW OF PROPERTY ACT 1925 S52(1) |
| 650 24 - SUBJECT ADDED ENTRY--TOPICAL TERM |
| Topical term or geographic name entry element |
PAPILLON V BRUNTON |
| 650 24 - SUBJECT ADDED ENTRY--TOPICAL TERM |
| Topical term or geographic name entry element |
TURNER V HUTCHINSON HELY |
| 650 24 - SUBJECT ADDED ENTRY--TOPICAL TERM |
| Topical term or geographic name entry element |
HUTCHINSON V BRAYHEAD LTD |
| 650 24 - SUBJECT ADDED ENTRY--TOPICAL TERM |
| Topical term or geographic name entry element |
TAYLOR V PLUMER |
| 650 24 - SUBJECT ADDED ENTRY--TOPICAL TERM |
| Topical term or geographic name entry element |
STARKEY V BANK OF ENGLAND |
| 650 24 - SUBJECT ADDED ENTRY--TOPICAL TERM |
| Topical term or geographic name entry element |
WARBOYS V CARTER |
| 650 24 - SUBJECT ADDED ENTRY--TOPICAL TERM |
| Topical term or geographic name entry element |
RE SEYMOUR V SEYMOUR |
| 650 24 - SUBJECT ADDED ENTRY--TOPICAL TERM |
| Topical term or geographic name entry element |
FREEMAN LOCKYER V BUCKHURST PARK |
| 650 24 - SUBJECT ADDED ENTRY--TOPICAL TERM |
| Topical term or geographic name entry element |
CHAPMAN V SMITH |
| 650 24 - SUBJECT ADDED ENTRY--TOPICAL TERM |
| Topical term or geographic name entry element |
S PEARSON AND SONS LTD V DUBLIN CORPORATION |
| 650 24 - SUBJECT ADDED ENTRY--TOPICAL TERM |
| Topical term or geographic name entry element |
GODING V FRASER |
| 650 24 - SUBJECT ADDED ENTRY--TOPICAL TERM |
| Topical term or geographic name entry element |
ACCOMMODATION AGENCIES ACT 1953 S1(A) |
| 650 24 - SUBJECT ADDED ENTRY--TOPICAL TERM |
| Topical term or geographic name entry element |
ACCOMMODATION AGENCIES ACT 1953 S1(B) |
| 650 24 - SUBJECT ADDED ENTRY--TOPICAL TERM |
| Topical term or geographic name entry element |
POWERS OF ATTORNEY ACT 1971 |
| 650 24 - SUBJECT ADDED ENTRY--TOPICAL TERM |
| Topical term or geographic name entry element |
HELLINGS V PARKER BRESLIN ESTATES |
| 690 24 - LOCAL SUBJECT ADDED ENTRY--TOPICAL TERM (OCLC, RLIN) |
| Topical term or geographic name as entry element |
PROPERTY-PROPERTY AGENCY |
| 700 1# - ADDED ENTRY--PERSONAL NAME |
| Personal name |
Ives, Paul |
| 942 ## - ADDED ENTRY ELEMENTS (KOHA) |
| Suppress in OPAC |
0 |